| 000 | 00850nam a2200181Ia 4500 | ||
|---|---|---|---|
| 003 | GCL | ||
| 008 | 140319s9999 xx 000 0 ara d | ||
| 040 |
_aGCL / _cGCL |
||
| 082 | 0 | 4 |
_a270.9 _bع م |
| 100 | 1 | _aالمقريزى : تقى الدين ابو العباس احمد بن على بن عبدالقادر بن محمد الحسينى العبيدى | |
| 245 | 1 | 0 |
_aتاريخ الاقباط المعروف بالقول الابريزى للعلامة المقريزى / _cالمقريزى : تقى الدين ابو العباس احمد بن على بن عبدالقادر بن محمد الحسينى العبيدى |
| 260 |
_aالقاهرة : _bدار الفضيلة ، _c1998 |
||
| 300 |
_a363 ص ؛ _c24 سم |
||
| 650 | 0 | 4 | _aالاقباط |
| 650 | 0 | 4 | _aالمقريزى |
| 650 | 0 | 4 | _aالمسيحيون فى مصر |
| 942 |
_2ddc _cBK |
||
| 999 |
_c46524 _d46524 |
||